|
|
|
|
| LEADER |
01000nam a2200265 i 4500 |
| 001 |
c000049662 |
| 003 |
CARM |
| 005 |
00000000000000.0 |
| 008 |
711022s1971 enka 00010 eng d |
| 015 |
|
|
|a B7125179
|
| 019 |
1 |
|
|a 2692493
|z 21964752
|z 22517294
|z 51242755
|z 52435835
|z 61662184
|5 LACONCORD2021
|
| 020 |
|
|
|a 0199141142 (Sd) :
|c L.0.20
|
| 035 |
|
|
|a (OCoLC)1718756
|5 LACONCORD2021
|
| 100 |
1 |
|
|a Moffat, D. B.
|q (David Burns),
|
| 245 |
1 |
4 |
|a The control of water balance by the kidney /
|c [by] D.B. Moffat.
|
| 260 |
|
|
|a London :
|b Oxford University Press,
|c 1971.
|
| 300 |
|
|
|a 16 p. :
|b ill.us(some col) ;
|c 25cm.
|
| 440 |
|
0 |
|a Oxford biology readers ;
|v 14
|
| 504 |
|
|
|a bibl p16.
|
| 650 |
|
0 |
|a Water in the body.
|
| 650 |
|
0 |
|a Kidneys.
|
| 852 |
8 |
|
|b CARM
|h A2:AD10D0
|i D00087
|p 0003371
|f BK
|
| 082 |
0 |
4 |
|a 599/.01/49
|
| 999 |
f |
f |
|i 33667f0e-ee4c-5a18-b71b-a8ec934f3913
|s 35576eb9-20b8-55b9-9cc2-689d0e92b267
|
| 952 |
f |
f |
|p Can circulate
|a CAVAL
|b CAVAL
|c CAVAL
|d CARM 1 Store
|e D00087
|f A2:AD10D0
|h Other scheme
|i book
|m 0003371
|